Normal view
MARC view
Entry Personal Name
001 - CONTROL NUMBER
- control field: 29421
003 - CONTROL NUMBER IDENTIFIER
- control field: ARRUPE
005 - DATE AND TIME OF LATEST TRANSACTION
- control field: 20170316110425.0
008 - FIXED-LENGTH DATA ELEMENTS
- fixed length control field: 170316|| aca||aabn | a|a d
040 ## - CATALOGING SOURCE
- Original cataloging agency: ARRUPE
- Transcribing agency: ARRUPE
100 ## - HEADING--PERSONAL NAME
- Personal name: Elton, G. R.
- Fuller form of name: (Geoffrey Rudolph)
670 ## - SOURCE DATA FOUND
- Source citation: Work cat.: (ARRUPE)0: Elton, G. R. (Geoffrey Rudolph), The practice of history, [1968, c1967]